Clinics in endocrinology and metabolism.

Bibliographic Details
New Title:Endocrinology and metabolism clinics of North America
Baillière's clinical endocrinology and metabolism
Format: Journal
Published: London ; Philadelphia : W.B. Saunders, ©1972-©1986.
Subjects:
Online Availability: Check for online availability

MARC

Tag First Indicator Second Indicator Subfields
LEADER 00000cas a22000001a 4500
001 in00004453921
005 20191202121007.0
008 760712d19721986enkquzp ̂ 0 aaengg
010 |a  79641043  
019 |a 1770719  |a 2259475 
022 |a 0300-595X 
030 |a CEDMB2 
035 |a (OCoLC)02446012 
040 |a DLC  |c QPR  |d NSD  |d DLC  |d NSD  |d DLC  |d NSD  |d SER  |d RCS  |d NST  |d AIP  |d OCL  |d NST  |d AIP  |d NST  |d NLM  |d NSD  |d NYG  |d DLC  |d NLM  |d HUL  |d NSD  |d NST  |d TMV  |d UtOrBLW 
042 |a nsdp  |a lc 
049 |a [Shelved] [by Title] TMVM 
050 0 0 |a RC648.A1  |b C55 
060 0 0 |a W1 CL831BD 
060 4 |a x 
210 0 |a Clin. endocrinol. metab. 
222 0 |a Clinics in endocrinology and metabolism 
245 0 0 |a Clinics in endocrinology and metabolism. 
246 1 0 |a Clin Endocrinol Metab 
264 1 |a London ;  |a Philadelphia :  |b W.B. Saunders,  |c ©1972-©1986. 
300 |a 15 volumes :  |b illustrations, portrait ;  |c 24 cm. 
310 |a Four no. a year  |b 1985-1986 
321 |a Three no. a year  |b <1978>-1984 
336 |a text  |2 rdacontent  |b txt 
337 |a unmediated  |2 rdamedia 
338 |a volume  |2 rdacarrier  |b nc 
362 0 |a Vol. 1, no. 1 (Mar. 1972)-v. 15, no. 4 (Nov. 1986). 
500 |a Description based on: Volume 2, number 2 (July 1973). 
530 |a Also available online. 
580 |a Split into: Endocrinology and metabolism clinics of North America; and Baillière's clinical endocrinology and metabolism. 
650 2 |a Endocrinology. 
650 2 |a Metabolism. 
655 2 |a Periodicals. 
776 1 |t Clinics in endocrinology and metabolism (Online)  |w (OCoLC) 0619384 
785 1 6 |t Endocrinology and metabolism clinics of North America  |x 0889- 8529  |w (DLC) 87640315  |w (OCoLC)14091804 
785 1 6 |t Baillière's clinical endocrinology and metabolism  |x 0950- 351X  |w (DLC)sn 87026218  |w (OCoLC)15347546 
999 f f |s 05bcb84e-7183-3545-a0f6-c35f81842406  |i 787370c4-5856-3ab5-a673-db94df3a14cd  |t 0 
952 f f |p ric  |a Texas A&M University  |b Rellis Campus  |c Joint Library Facility  |d Remote Storage  |t 0  |h No information provided  |i unmediated -- volume  |k v.4:no.2  |l 1975:July  |m 3238900785024 
952 f f |p ric  |a Texas A&M University  |b Rellis Campus  |c Joint Library Facility  |d Remote Storage  |t 0  |h No information provided  |i unmediated -- volume  |k v.10:no.3  |l 1981:Nov.  |m 323890046430% 
952 f f |p ric  |a Texas A&M University  |b Rellis Campus  |c Joint Library Facility  |d Remote Storage  |t 0  |h No information provided  |i unmediated -- volume  |k v.5:no.2  |l 1976:July  |m 3238900356231 
952 f f |p ric  |a Texas A&M University  |b Rellis Campus  |c Joint Library Facility  |d Remote Storage  |t 0  |h No information provided  |i unmediated -- volume  |k v.12:no.2  |l 1983:July  |m 3238900464354 
952 f f |p ric  |a Texas A&M University  |b Rellis Campus  |c Joint Library Facility  |d Remote Storage  |t 0  |h No information provided  |i unmediated -- volume  |k v.4:no.3  |l 1975:Nov.  |m 323890078486F 
952 f f |p ric  |a Texas A&M University  |b Rellis Campus  |c Joint Library Facility  |d Remote Storage  |t 0  |h No information provided  |i unmediated -- volume  |k v.13:no.3  |l 1984:Nov.  |m 3238900464398 
952 f f |p ric  |a Texas A&M University  |b Rellis Campus  |c Joint Library Facility  |d Remote Storage  |t 0  |h No information provided  |i unmediated -- volume  |k v.15:no.2  |l 1986:May  |m 3238900613473 
952 f f |p ric  |a Texas A&M University  |b Rellis Campus  |c Joint Library Facility  |d Remote Storage  |t 0  |h No information provided  |i unmediated -- volume  |k v.15:no.3  |l 1986:Aug.  |m 323890076887I 
952 f f |p ric  |a Texas A&M University  |b Rellis Campus  |c Joint Library Facility  |d Remote Storage  |t 0  |h No information provided  |i unmediated -- volume  |k v.8:no.3  |l 1979:Nov.  |m 3238900464253 
952 f f |p ric  |a Texas A&M University  |b Rellis Campus  |c Joint Library Facility  |d Remote Storage  |t 0  |h No information provided  |i unmediated -- volume  |k v.3:no.2  |l 1974:July  |m 3238900359155 
952 f f |p ric  |a Texas A&M University  |b Rellis Campus  |c Joint Library Facility  |d Remote Storage  |t 0  |h No information provided  |i unmediated -- volume  |k v.7:no.2  |l 1978:July  |m 323890046421% 
952 f f |p ric  |a Texas A&M University  |b Rellis Campus  |c Joint Library Facility  |d Remote Storage  |t 0  |h No information provided  |i unmediated -- volume  |k v.12:no.3  |l 1983:Nov.  |m 3238900464365 
952 f f |p ric  |a Texas A&M University  |b Rellis Campus  |c Joint Library Facility  |d Remote Storage  |t 0  |h No information provided  |i unmediated -- volume  |k v.5:no.3  |l 1973:Nov.  |m 3238900795317 
952 f f |p ric  |a Texas A&M University  |b Rellis Campus  |c Joint Library Facility  |d Remote Storage  |t 0  |h No information provided  |i unmediated -- volume  |k v.14:no.1  |l 1985:Nov.  |m 3238900464400 
952 f f |p ric  |a Texas A&M University  |b Rellis Campus  |c Joint Library Facility  |d Remote Storage  |t 0  |h No information provided  |i unmediated -- volume  |k v.2:no.2  |l 1973:July  |m 323890078479H 
952 f f |p ric  |a Texas A&M University  |b Rellis Campus  |c Joint Library Facility  |d Remote Storage  |t 0  |h No information provided  |i unmediated -- volume  |k v.11:no.1  |l 1982:Mar.  |m 3238900464310 
952 f f |p ric  |a Texas A&M University  |b Rellis Campus  |c Joint Library Facility  |d Remote Storage  |t 0  |h No information provided  |i unmediated -- volume  |k v.12:no.1  |l 1983:Mar.  |m 3238900464343 
952 f f |p ric  |a Texas A&M University  |b Rellis Campus  |c Joint Library Facility  |d Remote Storage  |t 0  |h No information provided  |i unmediated -- volume  |k v.13:no.2  |l 1984:July  |m 3238900464387 
952 f f |p ric  |a Texas A&M University  |b Rellis Campus  |c Joint Library Facility  |d Remote Storage  |t 0  |h No information provided  |i unmediated -- volume  |k v.11:no.2  |l 1982:July  |m 3238900464321 
952 f f |p ric  |a Texas A&M University  |b Rellis Campus  |c Joint Library Facility  |d Remote Storage  |t 0  |h No information provided  |i unmediated -- volume  |k v.2:no.3  |l 1973:Nov.  |m 3238900464196 
952 f f |p ric  |a Texas A&M University  |b Rellis Campus  |c Joint Library Facility  |d Remote Storage  |t 0  |h No information provided  |i unmediated -- volume  |k v.8:no.2  |l 1979:July  |m 3238900464242 
952 f f |p ric  |a Texas A&M University  |b Rellis Campus  |c Joint Library Facility  |d Remote Storage  |t 0  |h No information provided  |i unmediated -- volume  |k v.9:no.1  |l 1980:Mar.  |m 3238900464264 
952 f f |p ric  |a Texas A&M University  |b Rellis Campus  |c Joint Library Facility  |d Remote Storage  |t 0  |h No information provided  |i unmediated -- volume  |k v.14:no.3  |l 1985:Aug.  |m 3238900464422 
952 f f |p ric  |a Texas A&M University  |b Rellis Campus  |c Joint Library Facility  |d Remote Storage  |t 0  |h No information provided  |i unmediated -- volume  |k v.7:no.1  |l 1978:Mar.  |m 323890189267F 
952 f f |p ric  |a Texas A&M University  |b Rellis Campus  |c Joint Library Facility  |d Remote Storage  |t 0  |h No information provided  |i unmediated -- volume  |k v.7:no.3  |l 1978:Nov.  |m 3238900464220 
952 f f |p ric  |a Texas A&M University  |b Rellis Campus  |c Joint Library Facility  |d Remote Storage  |t 0  |h No information provided  |i unmediated -- volume  |k v.13:no.1  |l 1984:Mar.  |m 3238900464376 
952 f f |p ric  |a Texas A&M University  |b Rellis Campus  |c Joint Library Facility  |d Remote Storage  |t 0  |h No information provided  |i unmediated -- volume  |k v.3:no.1  |l 1974:Mar.  |m 3238900359144 
952 f f |p ric  |a Texas A&M University  |b Rellis Campus  |c Joint Library Facility  |d Remote Storage  |t 0  |h No information provided  |i unmediated -- volume  |k v.15:no.4  |l 1986:Nov.  |m 323890076895H 
952 f f |p ric  |a Texas A&M University  |b Rellis Campus  |c Joint Library Facility  |d Remote Storage  |t 0  |h No information provided  |i unmediated -- volume  |k v.10:no.1  |l 1981:Mar.  |m 3238900464286 
952 f f |p ric  |a Texas A&M University  |b Rellis Campus  |c Joint Library Facility  |d Remote Storage  |t 0  |h No information provided  |i unmediated -- volume  |k v.10:no.2  |l 1981:July  |m 3238900464297 
952 f f |p ric  |a Texas A&M University  |b Rellis Campus  |c Joint Library Facility  |d Remote Storage  |t 0  |h No information provided  |i unmediated -- volume  |k v.15:no.1  |l 1986:Feb.  |m 3238900464444 
952 f f |p ric  |a Texas A&M University  |b Rellis Campus  |c Joint Library Facility  |d Remote Storage  |t 0  |h No information provided  |i unmediated -- volume  |k v.2:no.1  |l 1973:Mar.  |m 323890083577C 
952 f f |p ric  |a Texas A&M University  |b Rellis Campus  |c Joint Library Facility  |d Remote Storage  |t 0  |h No information provided  |i unmediated -- volume  |k v.8:no.1  |l 1979:Mar.  |m 3238900464231 
952 f f |p ric  |a Texas A&M University  |b Rellis Campus  |c Joint Library Facility  |d Remote Storage  |t 0  |h No information provided  |i unmediated -- volume  |k v.4:no.2  |l 1975:Mar.  |m 323890078463A 
952 f f |p ric  |a Texas A&M University  |b Rellis Campus  |c Joint Library Facility  |d Remote Storage  |t 0  |h No information provided  |i unmediated -- volume  |k v.14:no.2  |l 1985:May  |m 3238900464411 
952 f f |p ric  |a Texas A&M University  |b Rellis Campus  |c Joint Library Facility  |d Remote Storage  |t 0  |h No information provided  |i unmediated -- volume  |k v.5:no.1  |l 1976:Mar.  |m 3238900795328 
952 f f |p ric  |a Texas A&M University  |b Rellis Campus  |c Joint Library Facility  |d Remote Storage  |t 0  |h No information provided  |i unmediated -- volume  |k v.11:no.3  |l 1982:Nov.  |m 3238900464332 
952 f f |p ric  |a Texas A&M University  |b Rellis Campus  |c Joint Library Facility  |d Remote Storage  |t 0  |h No information provided  |i unmediated -- volume  |k v.14:no.4  |l 1985:Nov.  |m 3238900464433 
952 f f |p ric  |a Texas A&M University  |b Rellis Campus  |c Joint Library Facility  |d Remote Storage  |t 0  |h No information provided  |i unmediated -- volume  |k v.9:no.3  |l 1980:Nov.  |m 3238900464275 
998 f f |s v.9:no.3(1980:Nov.)-v.15:no.4(1986:Nov.)  |t 0  |l Remote Storage